|
|
|
|
| LEADER |
01158cam a2200313Ia 4500 |
| 001 |
9780203983072 |
| 003 |
FlBoTFG |
| 005 |
20091230162920.0 |
| 006 |
a|||||s||||||||||| |
| 007 |
cr|||| |
| 008 |
900507s1991 enk sb 001 0deng d |
| 020 |
|
|
|a 9780203983072 (e-book : PDF)
|
| 040 |
|
|
|a FlBoTFG
|c FlBoTFG
|d GrThAP
|
| 043 |
|
|
|a ff-----
|a e------
|a aw-----
|
| 090 |
|
|
|a HC39
|b .L68 1991
|
| 092 |
|
|
|a 306.0937
|b L897
|
| 100 |
1 |
|
|a Love, John R.,
|d 1949-
|
| 245 |
1 |
0 |
|a Antiquity and capitalism
|h [electronic resource] :
|b Max Weber and the sociological foundations of Roman civilization /
|c John R. Love.
|
| 260 |
|
|
|a London ;
|a New York :
|b Routledge,
|c 1991.
|
| 300 |
|
|
|a ix, 336 p.
|
| 504 |
|
|
|a Includes bibliographical references (p. [316]-331) and index.
|
| 530 |
|
|
|a Also available in print edition.
|b CRC Press (http://www.crcpress.com)
|
| 538 |
|
|
|a Mode of access: World Wide Web.
|
| 600 |
1 |
0 |
|a Weber, Max,
|d 1864-1920.
|
| 651 |
|
0 |
|a Rome
|x Economic conditions.
|
| 651 |
|
0 |
|a Rome
|x Social conditions.
|
| 655 |
|
7 |
|a Electronic books.
|2 lcsh
|
| 776 |
1 |
|
|z 9780415047500
|
| 856 |
4 |
0 |
|u http://www.tandfebooks.com/isbn/9780203983072
|z Full Text via HEAL-Link
|